Od našich sa očakávalo viac Dramatické boje na ME v motokrose

Bibliographic Details
Main Author: (sč) (Author)
Format: Article
Language:Slovak
Subjects:

MARC

LEADER 00000nab a2200000 a 4500
001 vtls000154498
003 SK-MaSNL
005 20260304120451.0
008 160201c1983 xo 0 slo
015 |a SNBRB19rr/mm-uuuuu 
035 |a CL0164605 
040 |a SNKBUCL  |b slo  |c SNKBUCL  |e AACR2 
041 0 |a slo 
044 |a xo  |c SK 
080 |a 796.72.093.1(4)  |2 1981 
100 1 |a (sč)  |4 aut  |9 853714 
245 1 0 |a Od našich sa očakávalo viac  |b Dramatické boje na ME v motokrose  |c (sč) 
650 0 7 |a motocyklistika  |2 snkbucl  |9 74824 
651 7 |a 3710  |2 snkbucl  |9 927339 
655 7 |a články z novín a časopisov  |2 snkbucl  |9 267496 
773 0 |t Šport  |g Roč. 37, č. 155 (4. 7. 1983), s. 6 
850 |a Slovenská národná knižnica v Martine  |a MTA001 
852 |a SNK  |b KIS3GCP 
958 |a RK 
958 |a CZ 
992 |a RBX 
999 |c 2880038  |d 2881968